Indiquez la profession des parents ! 14 - Statistiques

Statistiques générales
  • Ce quiz a été pris 5 fois
  • Le résultat moyen est 2 sur 20
Statistiques - réponses
Hint Réponse % Correct
Paulette Dubost Ingénieur / Chanteuse lyrique
50%
Catherine Deneuve Acteur
25%
Lola Dewaere Acteurs
25%
Julie Depardieu Acteurs
25%
Sophie Desmaretzs Directeur du Vel d'Hiv à Paris
25%
Mireille Darc Marin / Epicière
25%
Léa Drucker Médecin / Professeur
25%
Delphine Depardieu Producteur de cinéma
25%
Marion Cotillard Acteurs
0%
Arielle Dombasle Archéologue
0%
Hélène Dieudonné Artiste dramatique
0%
Danièle Delorme Artiste peintre
0%
Lou Doillon Cinéaste / Actrice
0%
Sophie Daumier Compositeur
0%
Nicole Croisilles Directeur d'agence de tourisme / Pianiste
0%
Mylène Demongeot Haut-fonctionnaire
0%
Dorothée Ingénieur
0%
Marine Delterme Ingénieur / Fonctionnaire
0%
Nicole Courcel Journaliste
0%
Claudette Colbert Pâtissier
0%
Aucun quiz correspondant
Distribution des résultats
% des personnes avec chaque résultat
Percentile par nombre de réponses
Votre historique - résultats
Vous n’avez pas pris ce quiz